000 00241 a2200097 4500
001 14887
100 _aCoedes G
245 _aThe indianized states of south east Asia
260 _aHonolulu
_bEast west center press
_c
090 _c11656
_d11656
942 _aNUST-CAE
_cM
_c1843
999 _c249960
_d249960